000 00533nam a2200205Ia 4500
005 20250923144738.0
008 008 250917s9999 xx 000 0 eng d
037 _aTextual
040 _aDSWL
_beng
_cDSWL
041 _aeng
_2eng
084 _qDSWL
100 _aRoy, M.N.
_9827981
245 0 _aCrime and karma cats and women
_cby M.N. Roy
260 _aCalcutta
_bRenaissance Publishers
_c1957
300 _ax,286p.
365 _aUSD
_b7.5
925 _g7.5
942 _cTEXL
999 _c1442799
_d1442799